| 000 | 00451nam a2200181Ia 4500 | ||
|---|---|---|---|
| 001 | 11651 | ||
| 005 | 20260306162843.0 | ||
| 008 | 260306t2003||||xx |||||||||||||| ||spa|| | ||
| 041 | _aESP | ||
| 082 |
_a985.7 _bA66 |
||
| 100 |
_aAramburu, Carlos E. [ed.] _eAUT |
||
| 245 | 0 |
_aAmazonía: _bprocesos demográficos y ambientales |
|
| 260 | _c2003 | ||
| 300 |
_a186 páginas : _c21 cm. |
||
| 650 | _aGEN | ||
| 654 | _aCHU | ||
| 942 |
_cLIB _dJUS _fJUS _2ddc _n |
||
| 999 |
_c11651 _d11651 |
||